00375pab a2200133 454500008004000000100002300040245009600063260000900159300001100168362001100179650001400190650001700204773002000221180718b2018 xxu||||| |||| 00| 0 eng d aSharma, S.C. et al aEssence of moral values in the education: a true way of indianizing the system of education c2018 ap.3-7. a29 Jan aEducation aMoral values aUniversity News